00492nam a2200181Ia 4500020001800000082001500018245005200033260002800085300001300113440006500126504001900191650001600210650001700226650001300243650001800256700001800274700001800292 a81-89013-16-5 a323.6 INC- 0aInclusive citizenship: meanings and expressions aNew DelhibZubaanc2005 axiv, 274 aClaiming citizenship: rights, participation and accountabili aincludes index aCitizenship aHuman rights aIdentity aSocial policy aKabeer, Naila aGaventa, John